00415nam a2200157Ia 450000500170000000800410001702000150005808200210007310000190009424500370011326000420015030000240019265000130021665000160022965000120024520250120012126.0240331s9999 xx 000 0 und d a0195639154 bVIS22298a305.3 aVisweswaran, K 0aFictions of Feminist Ethnography aDelhibOxford University Press c1996 axii, 205 p., (C II) aFeminism aEthnography aFIction